[Event "World Rapid Women 2018"]
[Site "St Petersburg RUS"]
[Date "2018.12.27"]
[Round "5.42"]
[White "Tsatsalashvili, Keti"]
[Black "Chernyak, Viktoria"]
[Result "1/2-1/2"]
[WhiteTitle "WGM"]
[BlackTitle "WFM"]
[WhiteElo "2303"]
[BlackElo "2186"]
[WhiteFideId "13603434"]
[BlackFideId "24165956"]
[EventDate "2018.12.26"]

1. d4 d5 2. Nf3 Nf6 3. c4 e6 4. g3 dxc4 5. Bg2 c5 6. Qa4+ Bd7 7. Qxc4 Nc6 8.
dxc5 Qa5+ 9. Nc3 Qxc5 10. Qxc5 Bxc5 11. O-O O-O 12. Rd1 e5 13. Bg5 Be6 14. Bxf6
gxf6 15. Nd5 Bxd5 16. Rxd5 Bb6 17. Rd7 Rab8 18. e3 Rfd8 19. Rad1 Kf8 20. Nh4 Ke8
21. Bh3 Ne7 22. a3 Ng6 23. Rxd8+ Rxd8 24. Rxd8+ Bxd8 25. Nf5 Bc7 26. Bf1 Nf8 27.
Bb5+ Kd8 28. Nh6 Ke7 29. Bc4 Nd7 30. Bxf7 b5 31. Ba2 a5 32. Kf1 Kf8 33. Ke2 Nc5
34. Bd5 b4 35. axb4 axb4 36. b3 Kg7 37. Nf5+ Kf8 38. f3 Bb6 39. Nd6 Nd7 40. f4
exf4 41. gxf4 Bc5 42. Nc4 Nb6 43. Nxb6 Bxb6 44. Kd3 Bc7 45. Ke4 Bb6 46. h4 Kg7
47. h5 Bc5 48. Bc6 Bb6 49. Bd5 Bc5 50. Be6 Bb6 51. Kd3 Bc5 52. e4 Bd6 53. Ke3
Bc5+ 54. Kf3 Bd4 55. Kg4 h6 56. Kf5 Bc3 57. Bc4 Bd2 58. Bd5 Bc1 59. e5 fxe5 60.
fxe5 Bg5 61. Ke6 Kf8 62. Kd6 Be7+ 63. Kc6 Bg5 64. Kb5 Bd2 65. Kc5 Ke7 66. e6 Bc3
67. Kc6 Bd2 68. Kc5 1/2-1/2

[Event "World Rapid Women 2018"]
[Site "St Petersburg RUS"]
[Date "2018.12.27"]
[Round "5.43"]
[White "Shafigullina, Zarina"]
[Black "Vo, Thi Kim Phung"]
[Result "0-1"]
[WhiteTitle "WFM"]
[BlackTitle "WGM"]
[WhiteElo "2140"]
[BlackElo "2352"]
[WhiteFideId "24174220"]
[BlackFideId "12401838"]
[EventDate "2018.12.26"]

1. d4 Nf6 2. Nf3 d5 3. g3 g6 4. Bg2 Bg7 5. O-O O-O 6. c4 dxc4 7. Na3 Nc6 8. Nxc4
Be6 9. Nce5 Bd5 10. Bf4 Nh5 11. Be3 Nf6 12. Qa4 Nd7 13. Nxc6 Bxc6 14. Qc2 Nb6
15. Rfd1 Bd5 16. b3 Rc8 17. Rac1 c6 18. Qd2 Nd7 19. Bh6 Nf6 20. Bxg7 Kxg7 21.
Bh3 Rc7 22. Ne5 Ne4 23. Qf4 f5 24. Nc4 Rd7 25. Ne3 e6 26. f3 Ng5 27. Bg2 Nf7 28.
Nc4 Bxc4 29. Rxc4 e5 30. Qe3 Re8 31. Qf2 Qb6 32. e4 fxe4 33. fxe4 Nd6 34. Rc5
Rf7 35. Qe3 Nb5 36. dxe5 Rxe5 37. b4 Rxc5 38. bxc5 Qa5 39. e5 Qc3 40. Qxc3 Nxc3
41. Rd2 Re7 42. Rc2 Nb5 43. a4 Nd4 44. Rc4 Nb3 45. a5 Nxa5 46. Ra4 b6 47. cxb6
axb6 48. Re4 c5 49. e6 Nb3 50. Re3 Nd4 51. Bd5 Kf6 52. Kf2 b5 53. g4 Nxe6 54. h4
h6 55. Rc3 c4 56. Kg3 Nd4 57. Bf3 g5 58. hxg5+ hxg5 59. Bd1 Re1 60. Bf3 Rf1 61.
Kg2 Rxf3 0-1

[Event "World Rapid Women 2018"]
[Site "St Petersburg RUS"]
[Date "2018.12.27"]
[Round "5.44"]
[White "Murashova, Ekaterina"]
[Black "Belova, Olga"]
[Result "1-0"]
[WhiteTitle "WIM"]
[BlackTitle "WFM"]
[WhiteElo "2259"]
[BlackElo "2069"]
[WhiteFideId "4171985"]
[BlackFideId "4138422"]
[EventDate "2018.12.26"]

1. e4 e5 2. Nf3 Nc6 3. Bc4 Nf6 4. d3 h6 5. O-O d6 6. a3 g6 7. Nc3 Bg7 8. h3 O-O
9. Be3 Qe7 10. Nd5 Nxd5 11. Bxd5 Nd8 12. c3 Ne6 13. d4 Nf4 14. Bc4 Be6 15. Bxe6
Nxe6 16. Qd2 Kh7 17. d5 Nd8 18. Ne1 f5 19. f3 c6 20. b4 cxd5 21. Qxd5 Ne6 22.
Rd1 Rad8 23. Nd3 b6 24. a4 f4 25. Bf2 Nc7 26. Qb7 Ra8 27. Nb2 Rfb8 28. Qc6 Ne8
29. Qd5 Rd8 30. Rd3 Rac8 31. Rfd1 Nf6 32. Qb3 d5 33. exd5 e4 34. fxe4 Nxe4 35.
Re1 Re8 36. d6 Qd7 37. Bd4 Ng3 38. Qd1 Bxd4+ 39. Rxd4 f3 40. Re7+ Rxe7 41. dxe7
Qe6 42. Rd7 Qe3+ 43. Kh2 Re8 44. Qxf3 Qe6 45. Rxa7 Nf5 46. Nd3 Rxe7 47. Rxe7+
Qxe7 48. Qd5 Qc7+ 49. Qe5 Qc4 50. Nf4 Ng7 51. Nd5 Nf5 52. Nf6+ Kh8 53. Nd5+ Kg8
54. Qb8+ Kf7 55. Qc7+ Qxc7+ 56. Nxc7 Ne3 57. a5 bxa5 58. bxa5 Nc4 59. a6 Nb6 60.
a7 1-0

[Event "World Rapid Women 2018"]
[Site "St Petersburg RUS"]
[Date "2018.12.27"]
[Round "5.45"]
[White "Injac, Teodora"]
[Black "Belenkaya, Dina"]
[Result "0-1"]
[WhiteTitle "WIM"]
[BlackTitle "WGM"]
[WhiteElo "2325"]
[BlackElo "2338"]
[WhiteFideId "932400"]
[BlackFideId "24142654"]
[EventDate "2018.12.26"]

1. Nf3 d5 2. c4 dxc4 3. e3 c5 4. Bxc4 e6 5. O-O Nc6 6. d4 Nf6 7. Nc3 Be7 8. Qe2
cxd4 9. Rd1 O-O 10. exd4 Nb4 11. Ne5 a6 12. a3 Nbd5 13. Ba2 Qd6 14. Rd3 b5 15.
Rg3 Rd8 16. Bh6 g6 17. Rd1 Ra7 18. h4 Bf8 19. Bg5 Bg7 20. Rf3 Re8 21. Qd3 Nxc3
22. bxc3 Nd5 23. Bc1 Rc7 24. c4 bxc4 25. Nxc4 Qd8 26. h5 Bb7 27. hxg6 hxg6 28.
Rh3 Nf6 29. Ne5 Qc8 30. Bf4 Rc2 31. Bb1 Rb2 32. Nxf7 Be4 33. Nd6 Bxd3 34. Nxc8
Bxb1 35. Nd6 Rd8 36. Nc4 Rb7 37. Na5 Rb5 38. Nc6 Rd7 39. Ne5 Rdb7 40. a4 Rb2 41.
Nc4 Bf5 42. Re3 Rb1 43. Ree1 Rxd1 44. Rxd1 Nd5 45. Bd6 Rb1 46. Rxb1 Bxb1 47. Bc5
Nc3 48. Ne3 Nxa4 0-1

[Event "World Rapid Women 2018"]
[Site "St Petersburg RUS"]
[Date "2018.12.27"]
[Round "5.46"]
[White "Vasilevich, Irina"]
[Black "Nazarova, Anastasia"]
[Result "1-0"]
[WhiteTitle "IM"]
[BlackTitle "WFM"]
[WhiteElo "2258"]
[BlackElo "2157"]
[WhiteFideId "4141296"]
[BlackFideId "34101737"]
[EventDate "2018.12.26"]

1. e4 c5 2. Nc3 Nc6 3. Bb5 Nd4 4. Bc4 a6 5. Nf3 g6 6. Nxd4 cxd4 7. Qf3 e6 8. Ne2
Bg7 9. d3 Ne7 10. Bb3 O-O 11. h4 h6 12. h5 g5 13. Qg3 f5 14. f4 gxf4 15. Bxf4
fxe4 16. dxe4 Kh7 17. O-O-O a5 18. Nxd4 Qb6 19. Bd6 Rg8 20. e5 Nc6 21. Nxc6 bxc6
22. c3 Kh8 23. Bc2 Bf6 24. Qd3 Bg5+ 25. Kb1 Rg7 26. Bf8 Rf7 27. Qg6 Qf2 28. Bxh6
Bxh6 29. Qxh6+ Kg8 30. Bg6 Rg7 31. Rhf1 Qc5 32. Bf7+ Rxf7 33. Rxf7 Kxf7 34. Rf1+
Kg8 35. Qg6+ Kh8 36. Qe8+ Kg7 37. Rf7+ Kh6 38. Rf6+ Kg5 39. Qg6+ 1-0

[Event "World Rapid Women 2018"]
[Site "St Petersburg RUS"]
[Date "2018.12.27"]
[Round "5.47"]
[White "Goltseva, Ekaterina"]
[Black "Afonasieva, Anna"]
[Result "1-0"]
[WhiteTitle "WFM"]
[BlackTitle "WFM"]
[WhiteElo "2153"]
[BlackElo "2207"]
[WhiteFideId "24173770"]
[BlackFideId "24173606"]
[EventDate "2018.12.26"]

1. d4 d5 2. c4 c6 3. Nf3 Nf6 4. Nbd2 Bf5 5. e3 e6 6. Be2 h6 7. O-O Nbd7 8. b3
Bd6 9. Bb2 O-O 10. Ne5 Rc8 11. Rc1 Qe7 12. f4 Ne4 13. Nxe4 Bxe4 14. Bf3 Bh7 15.
Qe2 Nf6 16. g4 Ne4 17. Bg2 f6 18. Nd3 f5 19. Bxe4 fxe4 20. Ne5 c5 21. Rcd1 cxd4
22. Bxd4 Bxe5 23. Bxe5 Rfd8 24. cxd5 exd5 25. Rd2 Bg6 26. Rfd1 Bf7 27. Bb2 a6
28. Qf2 Rc6 29. Qg3 Rdc8 30. f5 Rc2 31. Bd4 Rxd2 32. Rxd2 Qc7 33. Qf2 Qe7 34.
Kg2 Qg5 35. Qg3 h5 36. h3 hxg4 37. hxg4 Rc1 38. Rf2 Qh6 39. Qb8+ Kh7 40. Qh2
Qxh2+ 41. Kxh2 Rc6 42. g5 Bh5 43. Kg3 Kg8 44. Kf4 Rd6 45. Ke5 Rd8 46. Rc2 Be8
47. Rc7 Bc6 48. Kf4 Rd7 49. Rc8+ Kf7 50. g6+ Ke7 51. Bxg7 Kd6 52. Be5+ 1-0

[Event "World Rapid Women 2018"]
[Site "St Petersburg RUS"]
[Date "2018.12.27"]
[Round "5.48"]
[White "Alieva, Alexandra"]
[Black "Sviridova, Vlada"]
[Result "0-1"]
[WhiteTitle "WFM"]
[BlackTitle "WFM"]
[WhiteElo "2102"]
[BlackElo "2144"]
[WhiteFideId "24133353"]
[BlackFideId "24109606"]
[EventDate "2018.12.26"]

1. e4 e6 2. d4 d5 3. Nd2 c5 4. c3 cxd4 5. cxd4 dxe4 6. Nxe4 Nf6 7. Nc3 Bd7 8.
Nf3 Bc6 9. Bd3 Nbd7 10. Bg5 Be7 11. O-O O-O 12. Bc2 Qc7 13. Qd3 Rfd8 14. Rfe1
Bd6 15. Ne4 Bxe4 16. Rxe4 Nc5 17. Qe2 Ncxe4 18. Bxe4 Be7 19. Rc1 Qb6 20. Bc2 h6
21. Bh4 Rac8 22. Rd1 Kf8 23. Bb1 a5 24. h3 Qb4 25. a3 Qb3 26. Ne5 b5 27. Kh2 b4
28. Rd3 Qd5 29. g4 Bd6 30. Bc2 Rxc2 31. Qxc2 Bxe5+ 32. dxe5 Qxd3 33. Qc5+ Kg8
34. exf6 Qd6+ 35. Qxd6 Rxd6 36. fxg7 Kxg7 37. axb4 axb4 38. Be7 Rd4 39. Bc5 Rc4
40. Bd6 f6 41. Kg3 b3 42. Kf3 e5 43. Ke3 Kf7 44. Ba3 Ke6 45. Kd3 Rc2 46. Ke3 Kd5
47. h4 Ke6 48. Kf3 Kf7 49. Ke3 Kg6 50. Kf3 h5 51. Kg3 hxg4 52. Kxg4 Rxf2 53. h5+
Kf7 0-1

[Event "World Rapid Women 2018"]
[Site "St Petersburg RUS"]
[Date "2018.12.27"]
[Round "5.49"]
[White "Kovanova, Baira"]
[Black "Bezgodova, Svetlana"]
[Result "1-0"]
[WhiteTitle "WGM"]
[BlackTitle "WIM"]
[WhiteElo "2352"]
[BlackElo "2046"]
[WhiteFideId "4164083"]
[BlackFideId "4110650"]
[EventDate "2018.12.26"]

1. Nf3 Nf6 2. c4 d6 3. d4 Nbd7 4. Bf4 g6 5. e3 Bg7 6. h3 O-O 7. Be2 c5 8. O-O b6
9. Nc3 Bb7 10. d5 a6 11. a4 Qc7 12. e4 Rfb8 13. Re1 Bc8 14. Qd2 Ne8 15. Bg3 Nf8
16. Bf1 f6 17. Nh2 h5 18. f4 Bh6 19. Qf2 Ng7 20. Nf3 Bd7 21. Bh2 Nh7 22. e5 fxe5
23. fxe5 Rf8 24. Bd3 Ng5 25. Qg3 Rxf3 26. gxf3 Nxh3+ 27. Kh1 g5 28. e6 Nf4 29.
Bc2 Be8 30. Qg1 Ng6 31. Ne4 g4 32. fxg4 Nh4 33. g5 Nf3 34. Qg3 Nxg5 35. Nxg5 h4
36. Qf4 Bh5 37. Bh7+ Kh8 38. Nf7+ Bxf7 39. Qxh6 Bxe6 40. dxe6 1-0

[Event "World Rapid Women 2018"]
[Site "St Petersburg RUS"]
[Date "2018.12.27"]
[Round "5.50"]
[White "Fominykh, Maria"]
[Black "Lysenko, Margarita"]
[Result "0-1"]
[WhiteTitle "WGM"]
[BlackTitle "WFM"]
[WhiteElo "2259"]
[BlackElo "2190"]
[WhiteFideId "4142411"]
[BlackFideId "34100200"]
[EventDate "2018.12.26"]

1. Nf3 Nf6 2. d4 g6 3. c4 Bg7 4. Nc3 O-O 5. g3 c6 6. Bg2 d5 7. cxd5 cxd5 8. Ne5
Nc6 9. Nxc6 bxc6 10. O-O Bf5 11. Na4 Nd7 12. Be3 Re8 13. Rc1 Rc8 14. f3 Nb6 15.
Bf2 e5 16. Nc5 exd4 17. b3 h5 18. Qd2 Nd7 19. Rfe1 Nxc5 20. Rxc5 Bf8 21. Ra5 c5
22. Rxa7 Qb6 23. Ra5 Bh6 24. f4 Be4 25. b4 cxb4 26. Ra4 Rc4 27. Rd1 Bg7 28. Bf1
Bc2 29. Rxb4 Qxb4 30. Qxb4 Rxb4 31. Rc1 Be4 0-1

[Event "World Rapid Women 2018"]
[Site "St Petersburg RUS"]
[Date "2018.12.27"]
[Round "5.51"]
[White "Badelka, Olga"]
[Black "Semenova, Elena1"]
[Result "1-0"]
[WhiteTitle "WIM"]
[BlackTitle "WIM"]
[WhiteElo "2385"]
[BlackElo "2260"]
[WhiteFideId "13509926"]
[BlackFideId "24125148"]
[EventDate "2018.12.26"]

1. d4 Nf6 2. c4 e6 3. Nc3 Bb4 4. e3 O-O 5. Bd2 d5 6. Nf3 b6 7. Rc1 Nbd7 8. cxd5
exd5 9. Bd3 c5 10. O-O Bxc3 11. Bxc3 c4 12. Bb1 Re8 13. Ne5 Nxe5 14. dxe5 Ne4
15. Bd4 Qh4 16. f3 Ng5 17. f4 Ne4 18. f5 Bd7 19. Rf4 Qh6 20. Bxe4 dxe4 21. Rxc4
Rac8 22. Rxc8 Rxc8 23. Bc3 Bb5 24. Qd4 Qc6 25. e6 f6 26. Rg4 Rf8 27. Rxe4 Rc8
28. Rg4 Rf8 29. Qb4 Re8 30. h3 Kh8 31. Qd4 Rf8 32. Qf4 Be2 33. Rg3 Qb7 1-0

[Event "World Rapid Women 2018"]
[Site "St Petersburg RUS"]
[Date "2018.12.27"]
[Round "5.52"]
[White "Arutyunova, Diana"]
[Black "Smirnova, Ekaterina"]
[Result "1/2-1/2"]
[WhiteTitle "WGM"]
[BlackTitle "WFM"]
[WhiteElo "2227"]
[BlackElo "2192"]
[WhiteFideId "14107244"]
[BlackFideId "4110943"]
[EventDate "2018.12.26"]

1. e4 e6 2. d4 d5 3. Nc3 Bb4 4. Ne2 dxe4 5. a3 Bxc3+ 6. Nxc3 Nc6 7. Be3 Nf6 8.
Qd2 Bd7 9. O-O-O Qe7 10. Bg5 O-O-O 11. Bxf6 gxf6 12. Nxe4 Be8 13. Qe3 Kb8 14.
Nc5 b6 15. Nb3 Qd6 16. Qf3 f5 17. Ba6 Qd5 18. Qg3 Bd7 19. c4 Qd6 20. Qf3 Bc8 21.
Bxc8 Kxc8 22. Rhe1 Rhg8 23. d5 Ne5 24. Qc3 Ng4 25. f3 Nxh2 26. Rd2 Qf4 27. Qd4
Qg3 28. Qf2 Qf4 29. Qd4 Qg3 30. Qf2 Qf4 31. Qd4 Qg3 32. Qf2 Qf4 33. Qd4 Qg3 34.
Qf2 1/2-1/2

[Event "World Rapid Women 2018"]
[Site "St Petersburg RUS"]
[Date "2018.12.27"]
[Round "5.53"]
[White "Drozdova, Dina"]
[Black "Iljushina, Olga"]
[Result "1/2-1/2"]
[WhiteTitle "WIM"]
[BlackTitle "WGM"]
[WhiteElo "2178"]
[BlackElo "2259"]
[WhiteFideId "4170695"]
[BlackFideId "4152280"]
[EventDate "2018.12.26"]

1. d4 Nf6 2. c4 e6 3. Nf3 Bb4+ 4. Bd2 c5 5. Bxb4 cxb4 6. Nbd2 O-O 7. e3 d6 8.
Qc2 Re8 9. Bd3 e5 10. O-O Bg4 11. Ng5 h6 12. Nge4 exd4 13. exd4 Nc6 14. Nb3 a5
15. f3 Bh5 16. Qf2 Bg6 17. Nbd2 Nh5 18. Rfe1 Nf4 19. Bf1 f5 20. Ng3 Qf6 21. Nb3
a4 22. d5 Ne5 23. Nc1 a3 24. bxa3 Nxc4 25. Rxe8+ Rxe8 26. Rb1 Ne3 27. Rxb4 Nfxd5
28. Rxb7 Rc8 29. Nd3 Rc2 30. Ne2 Rxa2 31. Nb4 Rxa3 32. Nxd5 Nxd5 33. Qd4 Qxd4+
34. Nxd4 Ne3 35. Be2 Ra2 36. Kf2 f4 37. Ne6 Bd3 38. Nxf4 Bxe2 39. Nxe2 Nxg2 40.
Rb4 g5 41. Kxg2 Rxe2+ 42. Kg3 Kf7 43. Kg4 Rxh2 44. Kf5 Ke7 45. Rb7+ Kd8 46. Ke6
Kc8 47. Rh7 Rh3 1/2-1/2

[Event "World Rapid Women 2018"]
[Site "St Petersburg RUS"]
[Date "2018.12.27"]
[Round "5.54"]
[White "Molchanova, Tatjana"]
[Black "Maroroa, Sue"]
[Result "1/2-1/2"]
[WhiteTitle "WGM"]
[BlackTitle "WIM"]
[WhiteElo "2245"]
[BlackElo "2120"]
[WhiteFideId "4132203"]
[BlackFideId "4301498"]
[EventDate "2018.12.26"]

1. e4 e5 2. Nc3 Nf6 3. g3 Bc5 4. Bg2 O-O 5. Nge2 c6 6. O-O d5 7. exd5 cxd5 8. d4
exd4 9. Nxd4 Bg4 10. Qd3 Bxd4 11. Qxd4 Nc6 12. Qf4 Qd7 13. a4 d4 14. Ne4 Nxe4
15. Bxe4 Rfe8 16. Ra3 Rxe4 17. Qxe4 Re8 18. Qf4 Bh3 19. Rd1 Qd5 20. f3 Re2 21.
Be3 dxe3 22. Rad3 g5 23. Qf6 Qxd3 24. cxd3 Rg2+ 25. Kh1 e2 26. Qxg5+ Kh8 27.
Qf6+ Kg8 28. Qg5+ Kh8 1/2-1/2

[Event "World Rapid Women 2018"]
[Site "St Petersburg RUS"]
[Date "2018.12.27"]
[Round "5.55"]
[White "Strutinskaia, Galina"]
[Black "Aseeva, Marina"]
[Result "1-0"]
[WhiteTitle "WGM"]
[WhiteElo "2201"]
[BlackElo "2173"]
[WhiteFideId "4108558"]
[BlackFideId "4110544"]
[EventDate "2018.12.26"]

1. d4 d5 2. c4 c6 3. Nf3 Nf6 4. e3 e6 5. b3 Bb4+ 6. Nbd2 Ne4 7. Bd3 Bc3 8. Rb1
Qa5 9. O-O Bxd2 10. Bxd2 Nxd2 11. Nxd2 Na6 12. a4 Nb4 13. Be2 Qc7 14. e4 dxe4
15. Nxe4 Bd7 16. Qd2 a5 17. Qg5 Kf8 18. Rbc1 f5 19. Ng3 Qd8 20. Qe3 Qf6 21. Nh5
Qe7 22. Rfe1 Be8 23. Nf4 Bf7 24. Bf1 Re8 25. Qe5 b6 26. c5 Nd5 27. Nxd5 cxd5 28.
Bb5 Rc8 29. cxb6 Qb7 30. Qd6+ Kg8 31. Rc7 1-0

[Event "World Rapid Women 2018"]
[Site "St Petersburg RUS"]
[Date "2018.12.27"]
[Round "5.56"]
[White "Petrova, Irina"]
[Black "Gvanceladze, Anna"]
[Result "1/2-1/2"]
[WhiteTitle "WIM"]
[BlackTitle "WFM"]
[WhiteElo "2124"]
[BlackElo "2264"]
[WhiteFideId "14124122"]
[BlackFideId "4113721"]
[EventDate "2018.12.26"]

1. d4 d5 2. Bf4 Nf6 3. e3 e6 4. c3 Bd6 5. Nf3 O-O 6. Bd3 c5 7. Ne5 Nc6 8. Nd2
Ne7 9. Qf3 b6 10. Qh3 Ng6 11. Bg5 Bb7 12. Ndf3 Be7 13. Nxg6 hxg6 14. Ne5 Ne4 15.
Bf4 Bg5 16. Bxe4 dxe4 17. Bxg5 Qxg5 18. Qg3 Qxg3 19. hxg3 cxd4 20. exd4 g5 21.
Kd2 f6 22. Ng4 Kf7 23. Rh2 Rh8 24. Rah1 Rxh2 25. Rxh2 Rd8 26. Ke3 Kg6 27. f3
exf3 28. gxf3 Bd5 29. a3 Rc8 30. Nf2 Re8 31. Nd3 Bc4 32. Rh1 Bb5 33. Rh2 Bc6 34.
Nb4 Bb7 35. Nd3 Rc8 36. Nb4 Rd8 37. Nd3 Ba6 38. Nb4 Bb5 39. Nc2 a5 40. b3 a4 41.
c4 axb3 42. cxb5 bxc2 43. Rxc2 Ra8 44. Rc3 Ra5 45. Rb3 g4 46. fxg4 Kg5 47. Ke4
Ra4 48. Rc3 e5 49. Kd5 Rxd4+ 50. Kc6 e4 51. Kxb6 Rd3 52. Rc7 Rxg3 53. Rxg7+ Kf4
54. a4 e3 55. Re7 Rxg4 56. a5 Kf3 57. a6 Ra4 58. a7 e2 59. Kb7 Kf2 60. a8=Q Rxa8
61. Kxa8 f5 62. b6 e1=Q 63. Rxe1 Kxe1 64. b7 f4 65. b8=Q f3 66. Qe5+ Kf1 67.
Qa1+ Kg2 68. Qg7+ Kf1 69. Kb7 f2 70. Kc6 Ke2 71. Qg2 Ke1 72. Qe4+ Kf1 73. Kd5
Kg1 74. Qg4+ Kh1 75. Qf3+ Kg1 76. Qe3 Kg2 77. Qe2 Kg1 78. Qg4+ Kh1 79. Qh3+ 1/2-1/2

[Event "World Rapid Women 2018"]
[Site "St Petersburg RUS"]
[Date "2018.12.27"]
[Round "5.57"]
[White "Bulatova, Kamaliya"]
[Black "Nebolsina, Vera"]
[Result "0-1"]
[WhiteTitle "WFM"]
[BlackTitle "WGM"]
[WhiteElo "2007"]
[BlackElo "2242"]
[WhiteFideId "34111546"]
[BlackFideId "4163591"]
[EventDate "2018.12.26"]

1. d4 Nf6 2. c4 g6 3. Nc3 d5 4. cxd5 Nxd5 5. Bd2 Nb6 6. Bf4 Bg7 7. e3 O-O 8. h3
c5 9. dxc5 N6d7 10. Nf3 Nc6 11. Bc4 Nxc5 12. O-O Be6 13. Qe2 Bxc4 14. Qxc4 Nd3
15. Qb3 Qb6 16. Qxb6 axb6 17. Bc7 Nxb2 18. Nd5 Nc4 19. Rac1 b5 20. Rc2 Ra6 21.
Bg3 Rfa8 22. Nc7 Rxa2 23. Rcc1 R8a5 24. Rfd1 Bb2 25. Rb1 b4 26. Nd2 Na3 27. Rxb2
Rxb2 28. e4 b3 29. Kh2 Ra4 30. Nf3 f6 31. e5 Re2 32. Ng1 Ree4 33. exf6 b2 34. f3
Red4 35. fxe7 Nxe7 36. Re1 Nc6 0-1

[Event "World Rapid Women 2018"]
[Site "St Petersburg RUS"]
[Date "2018.12.27"]
[Round "5.58"]
[White "Gevorgyan, Maria"]
[Black "Kirchei, Viktoriia"]
[Result "1-0"]
[WhiteTitle "WIM"]
[WhiteElo "2228"]
[BlackElo "1972"]
[WhiteFideId "13300270"]
[BlackFideId "34133396"]
[EventDate "2018.12.26"]

1. e4 c5 2. Nc3 Nc6 3. Bb5 g6 4. Bxc6 bxc6 5. d3 Bg7 6. Nge2 Nf6 7. Be3 d6 8. h3
Rb8 9. b3 Qa5 10. Qd2 d5 11. Rd1 d4 12. Na4 Qxd2+ 13. Bxd2 Nd7 14. O-O O-O 15.
f4 Bh6 16. Ng3 Ba6 17. e5 Bb5 18. Nb2 f5 19. Ne2 Nb6 20. c4 Ba6 21. Rde1 Nd7 22.
Rd1 e6 23. Na4 Rf7 24. b4 Bf8 25. Rb1 cxb4 26. Nxd4 Nc5 27. Nxc6 Rc8 28. Nxb4
Bxc4 29. dxc4 Nxa4 30. Rfc1 Rfc7 31. Nd3 Rd7 32. Rb3 Rcd8 33. Ba5 Rxd3 34. Bxd8
Bc5+ 35. Kf1 Rxd8 36. Ke2 Rd4 37. g3 Bb6 38. Rd3 Rxd3 39. Kxd3 Nc5+ 40. Ke2 Ne4
41. Kf3 Kf7 42. a4 Nc5 43. Ra1 Nb3 44. Ra3 Nd2+ 45. Ke2 Nxc4 46. Rd3 Ke7 47. g4
Na5 48. gxf5 gxf5 49. Rg3 Kf7 50. Rd3 Ke8 51. Kf3 Nc6 52. Kg3 Nd4 53. Kh4 Kf7
54. a5 Bd8+ 55. Kg3 Nc6 56. Rd6 Bxa5 57. Rxc6 Be1+ 58. Kf3 a5 59. Rc7+ Kg8 60.
Re7 a4 61. Rxe6 a3 62. Ra6 Bb4 63. Ke3 Kf7 64. Kd4 Ke8 65. e6 Ke7 66. Kd5 Kf6
67. h4 Be7 68. h5 Bb4 69. Ra7 Be7 70. Rb7 h6 71. Ra7 a2 72. Rxa2 Bd6 73. Kxd6
Kg7 1-0

[Event "World Rapid Women 2018"]
[Site "St Petersburg RUS"]
[Date "2018.12.27"]
[Round "5.59"]
[White "Dumcheva, Julia"]
[Black "Borisova, Ekaterina"]
[Result "1-0"]
[WhiteTitle "WFM"]
[WhiteElo "2168"]
[BlackElo "2244"]
[WhiteFideId "24143375"]
[BlackFideId "34124184"]
[EventDate "2018.12.26"]

1. e4 c5 2. Nc3 Nc6 3. f4 e6 4. Nf3 g6 5. g3 Bg7 6. Bg2 Nge7 7. O-O O-O 8. d3 d6
9. Ne2 b6 10. g4 f5 11. h3 Rb8 12. Ng3 Kh8 13. c3 e5 14. gxf5 gxf5 15. Ng5 Qe8
16. Nh5 Qg6 17. Nxg7 Qxg7 18. Qh5 Bd7 19. Kh1 Be8 20. Qe2 Bd7 21. Qh5 Be8 22.
Qe2 Rg8 23. Rg1 h6 24. Nf3 Bh5 25. Be3 fxe4 26. dxe4 exf4 27. Bxf4 Ne5 28. Qe3
Kh7 29. Nh4 Qf6 30. Nf5 Nxf5 31. exf5 Rbe8 32. Bxe5 Rxe5 33. Qf4 Rxf5 34. Be4
Rf8 35. Qxf5+ Qxf5 36. Bxf5+ Rxf5 37. Raf1 Re5 38. Rg2 Re3 39. Kh2 Re7 40. Rf6
d5 41. Rf5 Bg6 42. Rf6 Be4 43. Rgf2 Kg7 44. Rd6 h5 45. Kg3 Bh1 46. Rf5 Re2 47.
Rf2 Re7 48. Kh4 Re3 49. Rd7+ Kg6 50. Rxa7 Re4+ 51. Kg3 Re6 52. Kh2 Be4 53. a4 d4
54. cxd4 cxd4 55. Rd7 d3 56. Rd4 Bf5 57. b4 Re2 58. Kg3 Re3+ 59. Rf3 Re6 60. Kf4
d2 61. Rxd2 Re4+ 62. Kg3 h4+ 63. Kf2 Rxb4 64. Rd6+ Kg5 65. Rd5 Rf4 66. Rxf4 Kxf4
67. Rd4+ Kg5 68. Kg2 Bc2 69. Rb4 Bd1 70. Kf2 Bc2 71. Ke3 Kf5 72. Rxh4 1-0

[Event "World Rapid Women 2018"]
[Site "St Petersburg RUS"]
[Date "2018.12.27"]
[Round "5.60"]
[White "Kosteniuk, Oksana"]
[Black "Loskutova, Viktoriya"]
[Result "0-1"]
[WhiteTitle "WFM"]
[BlackTitle "WFM"]
[WhiteElo "2096"]
[BlackElo "2105"]
[WhiteFideId "4187725"]
[BlackFideId "34166278"]
[EventDate "2018.12.26"]

1. Nf3 d5 2. g3 c6 3. Bg2 Bg4 4. d3 Nf6 5. O-O Nbd7 6. b3 e6 7. Bb2 Bd6 8. Nbd2
O-O 9. e4 e5 10. h3 Bh5 11. Re1 Re8 12. Qe2 dxe4 13. Nxe4 Nxe4 14. dxe4 Nc5 15.
Rad1 Qc7 16. g4 Bg6 17. Nh4 Ne6 18. Nf5 Bc5 19. Qc4 b5 20. Qc3 Bxf5 21. exf5 Bd4
22. Qxc6 Bxb2 23. fxe6 Qc8 24. exf7+ Kxf7 25. Rd7+ Kg8 26. Qxb5 Rb8 27. Qd5+ Kh8
28. Qf7 e4 29. c4 Rf8 30. Qd5 Qa6 31. Bxe4 Qf6 32. Re2 Rbe8 33. Rc2 Qf4 34. Rxb2
Qc1+ 35. Qd1 Qxb2 36. f3 Qe5 37. Kg2 Qg5 38. Qd4 a5 39. Rd5 Qf4 40. Rxa5 Rxe4
41. Qxe4 Qd2+ 42. Kg3 Qxa5 43. a4 Qc7+ 44. Kg2 Qb8 45. Qd3 Rd8 46. Qe3 Qb4 47.
c5 Rc8 48. c6 Qd6 49. b4 Qxc6 50. b5 Qc2+ 51. Kg3 Qxa4 52. b6 Qc6 53. Qb3 Rb8
54. Qf7 Qxb6 55. Qe7 Rc8 56. Qe4 Qc6 57. Qe2 Qc2 58. Qe6 Qc1 59. Qd7 Qc7+ 0-1

[Event "World Rapid Women 2018"]
[Site "St Petersburg RUS"]
[Date "2018.12.27"]
[Round "5.61"]
[White "Lelekova, Olga"]
[Black "Diakonova, Ekaterina"]
[Result "1/2-1/2"]
[WhiteTitle "WIM"]
[WhiteElo "2261"]
[BlackElo "2225"]
[WhiteFideId "4164903"]
[BlackFideId "24172936"]
[EventDate "2018.12.26"]

1. e4 c6 2. c4 d5 3. exd5 cxd5 4. cxd5 Nf6 5. Qa4+ Nbd7 6. Nc3 g6 7. Bc4 Bg7 8.
d3 O-O 9. Nf3 a6 10. Qa3 Nb6 11. Qb3 Nxc4 12. dxc4 b5 13. O-O bxc4 14. Qxc4 e6
15. dxe6 Bxe6 16. Qh4 Qb6 17. Bg5 Ng4 18. Rab1 Bf5 19. Nd5 Qa5 20. Ne7+ Kh8 21.
Nxf5 Qxf5 22. h3 Ne5 23. Nxe5 Qxe5 24. Rfe1 Qf5 25. Bh6 Rfd8 26. Bxg7+ Kxg7 27.
Rbd1 Qa5 28. a3 Rd2 29. Rxd2 Qxd2 30. Rb1 Rc8 31. Qe4 Rc1+ 32. Kh2 Rxb1 33. Qxb1
Qxf2 34. b4 f5 35. Qb3 Qf4+ 36. Kg1 Qc1+ 37. Kh2 Qf4+ 38. Qg3 Qc4 39. Qe5+ Kh6
40. Qd6 Qf1 41. a4 f4 42. Qf8+ Kh5 43. Qg7 h6 44. Qe5+ g5 45. b5 axb5 46. axb5
Qf2 47. Qe4 Qb2 48. Qf3+ Kg6 49. Qc6+ Kg7 50. b6 f3 51. Qd7+ Kg6 52. Qd3+ Kg7
53. Qd7+ Kg6 54. Qe8+ Kg7 55. Qe7+ Kg6 56. Qe6+ 1/2-1/2